| 000 | 00944nam a2200229Ia 4500 | ||
|---|---|---|---|
| 001 | 21808 | ||
| 005 | 20260408081249.0 | ||
| 008 | 260320s9999||||xx |||||||||||||| ||und|| | ||
| 041 | _aESP | ||
| 082 |
_a342.53 _bD81 |
||
| 110 | _aDirección de Intereses Marítimos | ||
| 245 | 0 | _aApuntes sobre la importancia de los intereses marítimos nacionales | |
| 250 | _aSegunda edición | ||
| 260 |
_aCallao : _bDirección de Intereses Marítimos, _c2024 |
||
| 300 |
_a95 páginas : _bilustraciones, fotografías, mapas ; _c21 cm. |
||
| 505 | _aEn la cubierta: "Perú, país marítimo : amazónico - bioceánico - andino y con presencia en la Antártida". | ||
| 650 | _aDER | ||
| 653 | _aDerecho marítimo - Perú - Historia; Derecho internacional marítimo - Perú; 200 millas (Dominio marítimo) - Perú | ||
| 654 | _aCDE | ||
| 856 |
_uhttps://app-vlex-com.ucsp.lookproxy.com/ _zVéase además: Base de datos Vlex |
||
| 942 |
_cLIB _dJUS _fMAT _2ddc |
||
| 999 |
_c21808 _d21808 |
||